Finančné nástroje zaistenia habilitačná práca

Guardado en:
Detalles Bibliográficos
Autor principal: Pinda, Ľudovít, 1958-
Formato: Libro
Lenguaje:eslovaco
Publicado: Bratislava 1998
Materias:
Etiquetas: Agregar Etiqueta
Sin Etiquetas, Sea el primero en etiquetar este registro!

MARC

LEADER 00000nam$a2200000$$$4500
001 0104085
005 20240502072134.3
041 0 |a slo 
044 |a SK 
245 1 0 |a Finančné nástroje zaistenia  |b habilitačná práca  |c Ľudovít Pinda 
264 1 |a Bratislava  |c 1998 
300 |a 117 s. 
610 2 0 |a zaistenie 
610 2 0 |a nástroje finančné 
610 2 0 |a deriváty 
610 2 0 |a úrok 
610 2 0 |a opcie 
100 1 |a Pinda, Ľudovít, 1958-